Catálogo
 En Linea

Las bases físicas y químicas de la herencia / (Registro nro. 22315)

Detalles MARC
000 -CABECERA
campo de control de longitud fija 01005nam a2200253 a 4500
001 - NÚMERO DE CONTROL
campo de control 000022818
005 - FECHA Y HORA DE LA ÚLTIMA TRANSACCIÓN
campo de control 20200930021820.0
008 - DATOS DE LONGITUD FIJA--INFORMACIÓN GENERAL
campo de control de longitud fija 101118s1968 ag a r 000 0 spa d
040 ## - FUENTE DE LA CATALOGACIÓN
Centro catalogador/agencia de origen DO-SdBNP
Lengua de catalogación spa
Centro/agencia transcriptor BNPHU
082 ## - NÚMERO DE LA CLASIFICACIÓN DECIMAL DEWEY
Número de clasificación nnnn
Número de documento/Ítem B365b, 1968
049 ## - FONDOS LOCALES (OCLC)
Fondos de biblioteca BNGR
100 1# - ENTRADA PRINCIPAL--NOMBRE DE PERSONA
Nombre de persona Beadle, George W.,
Fechas asociadas al nombre 1903-1989
9 (RLIN) 46875
240 14 - TÍTULO UNIFORME
Título uniforme The physical and chemical basis of inheritance.
Lenguaje de la obra Español.
245 14 - MENCIÓN DE TÍTULO
Título Las bases físicas y químicas de la herencia /
Mención de responsabilidad, etc. George W. Beadle ; traducción de Jorge E. Wright.
250 ## - MENCIÓN DE EDICIÓN
Mención de edición 6a ed.
260 ## - PUBLICACIÓN, DISTRIBUCIÓN, ETC.
Lugar de publicación, distribución, etc. Buenos Aires :
Nombre del editor, distribuidor, etc. Universidad de Buenos Aires,
Fecha de publicación, distribución, etc. 1968.
300 ## - DESCRIPCIÓN FÍSICA
Extensión 59 p. :
Otras características físicas il. ;
Dimensiones 25 cm.
490 1# - MENCIÓN DE SERIE
Mención de serie Cuardernos de EUDEBA
Designación de volumen o secuencia 1
504 ## - NOTA DE BIBLIOGRAFÍA, ETC.
Nota de bibliografía, etc. Incluye referencias bibliográficas y notas al pie de las páginas.
534 ## - NOTA SOBRE LA VERSIÓN ORIGINAL
Frase introductoria Título original en inglés:
Mención de título del original The physical and chemical basis of inheritance.
Publicación, distribución, etc. del original Condon Lectures, 1957.
504 ## - NOTA DE BIBLIOGRAFÍA, ETC.
Nota de bibliografía, etc. Bibibliografía: (55-[58])
700 1# - PUNTO DE ACCESO ADICIONAL--NOMBRE DE PERSONA
Nombre de persona Wright, Jorge E.,
Término indicativo de función/relación tr.
9 (RLIN) 46876
830 #0 - PUNTO DE ACCESO ADICIONAL DE SERIE-TÍTULO UNIFORME
Título uniforme Cuardernos de EUDEBA ;
Designación de volumen o secuencia 1
9 (RLIN) 46877
Existencias
Estado de retiro Estado de pérdida Restricciones de uso No para préstamo Código de colección Localización permanente Ubicación/localización actual Ubicación en estantería Fecha de adquisición Número de inventario Total de préstamos Signatura topográfica completa Código de barras Fecha visto por última vez Precio válido a partir de Tipo de ítem Koha
    Préstamo interno   Monografías: Libros y Folletos General General En catalogación 18.11.2010 LF1   nnnn B365b, 1968 22818-10 25.06.2020 25.06.2020 Préstamo interno

Con tecnología Koha